Una propuesta de clasificación de las comunas del país: según la situación de la infancia

Saved in:
Bibliographic Details
Corporate Author: UNICEF (Author)
Format: Book
Language:Spanish
Published: Santiago UNICEF 1994
Subjects:
Tags: Add Tag
No Tags, Be the first to tag this record!

MARC

LEADER 00000nam a2200000 a 4500
001 UCP1333
003 CL-VaPUC
008 990409e19940000CL |||||||||||||||||spa|d
082 0 4 |a 362.7086  |b UNI  |2 21 
110 2 |a UNICEF  |e author  |9 427318 
245 1 4 |a Una propuesta de clasificación de las comunas del país: según la situación de la infancia 
300 |a 265 p 
942 |c BK 
945 |d 19990409 00:00:00  |a rbrito 
260 |a Santiago  |b UNICEF  |c 1994 
650 0 |a Pobreza  |9 258652 
650 7 |a NIÑOS EN SITUACION IRREGULAR  |2 CL-VaPUC  |9 427319 
650 7 |a INFANCIA  |2 CL-VaPUC  |9 427320 
650 0 |a Políticas sociales  |9 358116 
650 0 |a Salud  |9 258663 
650 0 |a Educación  |9 258661 
583 |a last modification  |c 19990409 00:00:00  |k Rodrigo Vera 
999 |c 280021  |d 280019 
952 |0 0  |1 0  |4 0  |6 362_708600000000000_UNI_1994  |7 0  |8 A  |9 319994  |a BIBEDU  |b BIBEDU  |d 2019-11-20  |i 3488195  |o 362.7086 UNI 1994  |p 3488195  |r 2019-11-20  |w 2019-11-20  |y BK  |k EDU